MLB Hats - Statistics

General Stats
  • This quiz has been taken 31 times
  • The average score is 15 of 16
Answer Stats
Picture Answer % Correct
Chicago Cubs
100%
Arizona Diamondbacks
95%
Atlanta Braves
95%
Baltimore Orioles
95%
Boston Red Sox
95%
Cleveland Guardians
95%
Colorado Rockies
95%
Kansas City Royals
95%
Los Angeles Dodgers
95%
Miami Marlins
95%
Minnesota Twins
95%
Pittsburgh Pirates
95%
Seattle Mariners
95%
St Louis Cardinals
91%
Texas Rangers
91%
Washington Nationals
91%
No matching quizzes found
Score Distribution
Percent of People with Each Score
Percentile by Number Answered
Your Score History
You have not taken this quiz